On Superconductivity and Superfluidity : A Scientific Autobiography /

Na minha lista:
Detalhes bibliográficos
Autor principal: Ginzburg, Vitaly L. (autor)
Formato: Livro
Idioma:inglês
Publicado em: Berlín, Alemania : Springer, 2010, c2010
Assuntos:
Tags: Adicionar Tag
Sem tags, seja o primeiro a adicionar uma tag!

MARC

LEADER 00000nam^a2200000^a^4500
001 000412381
005 20250521000000.0
009 20260526144010.58
020 |a 978-3-642-08761-5 
037 |a Acervo ITESO - Biblioteca 
041 |a ING 
082 |a 530. 092  |b GIN 
100 |a Ginzburg, Vitaly L.  |e (autor) 
245 1 0 |a On Superconductivity and Superfluidity :  |b A Scientific Autobiography /  |c V.L. Ginzburg. 
264 4 |a Berlín, Alemania :  |b Springer,  |c 2010, c2010 
300 |a XI, 232 p. 
336 |a texto  |b txt  |2 rdacontenido 
337 |a sin mediación  |b n  |2 rdamedio 
338 |a volumen  |b nc  |2 rdasoporte 
586 |a Premio Nobel de Física 2003, ex aequo con Alekséi Alekséyevich Abrikósov y con Anthony James Leggett 
649 |a XX 
650 |a Físicos Rusos -  |x Memorias 
650 |a Superconductividad -  |x Tema Principal 
650 |a Física 
650 |a Ginzburg, Vitaly L. -  |x Tema Principal 
910 |a Fondo General 
920 |a Impresos - Libros 
930 |a Colección General 
905 |a 101 
901 |a 0500320802  |b IT1  |c ACC  |i C165776  |u 20250521 
902 |a https://opac.biblio.iteso.mx/vufind/Record/000412381